000 00949cam a2200265 a 4500
001 000015055
005 20200929163937.0
008 931021s1990 cu ab 000 0 spa
040 _aDO-SdBNP
_cDLC
043 _af------
_aa------
082 _a297
_bD542m
100 1 _aDíaz García, Waldo,
_d1926-
_934072
245 1 0 _aMahoma y los árabes /
_cWaldo Díaz García ; edición Liliana Martínez Pérez ; prólogo Domingo Amuchástegui Álvarez.
260 _aLa Habana, Cuba :
_bCiencias Sociales,
_c1990.
300 _ax, 327 p. :
_bil., mapas ;
_c23 cm.
490 1 _aEtnología
504 _aIncluye referencias bibliográficas (p. 309-327).
650 4 _aMusulmanes
_934073
600 0 0 _aMUHAMMAD,
_cPROPHET,
_dd. 632.
_934074
700 1 _aMartínez Pérez, Liliana
_eed.
_934075
700 1 _aAmuchástegui Álvarez, Domingo
_epról.
_934076
830 0 _aEtnología ;
_934077
910 _aCatalogación por copia / LC
049 _aBNGR
999 _c14628
_d14628